000
00216 a2200097 4500
001
11753
100
_a
Kennan, g
245
_a
On dealiny with the communir world
260
_a
_b
Harper & ROW
_c
090
_c
9010
_d
9010
942
_a
NUST-CAE
_c
M
_c
35835
999
_c
246826
_d
246826